01366cam a22003737a 4500999001300000001000900013003000400022005001700026008004100043010001700084020001500101025002200116035002100138037007200159040001300231042001000244043001200254050002600266082001900292100002400311245012000335260002700455300002500482504005600507520010000563600005100663650004100714650001300755650001300768710003000781906004500811942001200856952012400868 c772d77212385266OSt20180824110005.0001107s2000 ii b 000 0 eng  a 00372708  a8172145721 aI-E-00-372708; 13 a(DLC) 00372708 bLibrary of Congress -- New Delhi Field OfficecRs95.00 ($9.00 U.S.) aDLCcDLC alcode aa-ii---00aMLCM 2001/01950aBT30 a261.245bT297B1 aTennent, Timothy C.10aBuilding Christianity on Indian foundations :bthe legacy of Brahmabāndhav Upādhyāy /cby Timothy C. Tennent. aDelhi :bISPCK,c2000. axx, 399 p. ;c23 cm. aIncludes bibliographical references (p. [385]-399). aIndian Christian theology in Advaita terms as viewed by an eminent Indian Christian theologian.10aUpādhyāẏa, Brahmabāndhaba,d1861-1907. 0aTheology, DoctrinalzIndiaxHistory. 0aAdvaita. 0aVedanta.2 aI.S.P.C.K. (Organization) a7bcbccorigoded4encipf20gy-gencatlg 2ddccBK 00102ddc40708NFICaHMCbHMCcGENd2018-08-24g225.00l0o261.245 T297Bp002811r2018-08-24 00:00:00w2018-08-24yBK